[Event "Teusaquillo Rapid op"]
[Site "Teusaquillo"]
[Date "2023.03.04"]
[Round "1"]
[White "Campos Perilla, Miguel Angel"]
[Black "Rodriguez Cortes, Giovanni"]
[Result "0-1"]
[WhiteElo "1441"]
[BlackElo "1934"]
[PlyCount "53"]
[EventDate "2023.03.04"]
[EventType "swiss (rapid)"]
[EventRounds "9"]
[EventCountry "COL"]
[SourceTitle "CBM 213 Extra"]
[Source "ChessBase"]
[SourceDate "2023.05.31"]
[SourceVersion "1"]
[SourceVersionDate "2023.05.31"]
[SourceQuality "1"]

1. e4 c5 2. Nf3 Nf6 3. e5 Nd5 4. d4 cxd4 5. Nxd4 Nc6 6. Bc4 Nb6 7. Bb3 Nxe5 8. 0-0 e6 9. Re1 Ng6 10. Nc3 Be7 11. Ne4 0-0 12. Qh5 d5 13. Ng5 Bxg5 14. Bxg5 f6 15. Bd2 e5 16. Nf3 Be6 17. Bb4 Re8 18. c3 Qd7 19. h3 Nf4 20. Qh4 g5 21. Qh6 Qg7 22. Qxg7+ Kxg7 23. Rad1 Rad8 24. Nxe5 fxe5 25. Rxe5 Kf6 26. Re3 Bf7 27. c4 0-1

[Event "Antioquia op"]
[Site "Antioquia"]
[Date "2020.03.07"]
[Round "7"]
[White "Cabrera Novoa, Emanuel"]
[Black "Campos Perilla, Miguel Angel"]
[Result "1-0"]
[WhiteElo "1380"]
[BlackElo "1467"]
[PlyCount "51"]
[EventDate "2020.03.03"]
[EventType "swiss"]
[EventRounds "9"]
[EventCountry "COL"]
[SourceTitle "CBM 195 Extra"]
[Source "ChessBase"]
[SourceDate "2020.05.31"]
[SourceVersion "1"]
[SourceVersionDate "2020.05.31"]
[SourceQuality "1"]

1. e4 e5 2. Nc3 Nf6 3. f4 exf4 4. e5 Ng8 5. Nf3 g5 6. d4 d6 7. h4 g4 8. Bxf4 gxf3 9. Qxf3 h5 10. Bc4 Nc6 11. Bxf7+ Kxf7 12. Bg5+ Nf6 13. Bxf6 Bg4 14. Qf2 Qe8 15. Bxh8+ Kg8 16. Bf6 dxe5 17. 0-0 Nxd4 18. Rae1 Qg6 19. Rxe5 Ne6 20. Nd5 Re8 21. Nxc7 Bd6 22. Nxe8 Bxe5 23. Bxe5 Qxe8 24. Qf6 Kh7 25. Qf7+ Qxf7 26. Rxf7+ 1-0

[Event "Pan American-ch School U15"]
[Site "Medellin"]
[Date "2019.11.12"]
[Round "2"]
[White "Campos Perilla, Miguel Angel"]
[Black "Granda Carranza, Mateo"]
[Result "1-0"]
[WhiteElo "1455"]
[BlackElo "1401"]
[PlyCount "54"]
[EventDate "2019.11.12"]
[EventType "swiss"]
[EventRounds "9"]
[EventCountry "COL"]
[SourceTitle "CBM 193 Extra"]
[Source "ChessBase"]
[SourceDate "2020.01.31"]
[SourceVersion "1"]
[SourceVersionDate "2020.01.31"]
[SourceQuality "1"]

1. e4 c5 2. Nf3 Nc6 3. d4 cxd4 4. Nxd4 Nf6 5. Nc3 e5 6. Ndb5 d6 7. f3 a6 8. Na3 b5 9. Nd5 Nxd5 10. exd5 Ne7 11. c4 bxc4 12. Bxc4 g6 13. g4 Bg7 14. h4 Bb7 15. h5 Rc8 16. h6 Bf8 17. Qb3 Qc7 18. Be3 f5 19. Rc1 Qb8 20. Qa4+ Kf7 21. Qd7 Rd8 22. Qe6+ Ke8 23. Bb3 Bc8 24. Rxc8 Qxc8 25. Ba4+ Rd7 26. Nc4 Kd8 27. Bb6+ Rc7 1-0

[Event "Pan American-ch School U15"]
[Site "Medellin"]
[Date "2019.11.12"]
[Round "1"]
[White "Perez Rivero, Juan Jose"]
[Black "Campos Perilla, Miguel Angel"]
[Result "0-1"]
[WhiteElo "1826"]
[BlackElo "1455"]
[PlyCount "74"]
[EventDate "2019.11.12"]
[EventType "swiss"]
[EventRounds "9"]
[EventCountry "COL"]
[SourceTitle "CBM 193 Extra"]
[Source "ChessBase"]
[SourceDate "2020.01.31"]
[SourceVersion "1"]
[SourceVersionDate "2020.01.31"]
[SourceQuality "1"]

1. Nf3 Nf6 2. g3 d5 3. Bg2 e6 4. 0-0 Bd6 5. d4 0-0 6. c4 c5 7. cxd5 exd5 8. Nc3 h6 9. dxc5 Bxc5 10. Bf4 Nc6 11. Rc1 Bb6 12. Nb5 Ne4 13. Nd2 Nxf2 14. Rxf2 Bxf2+ 15. Kh1 Bb6 16. Nb3 Be6 17. N5d4 Nxd4 18. Nxd4 Bxd4 19. Qxd4 Qb6 20. Qd2 Kh7 21. Rf1 f5 22. Be5 Rad8 23. Bd4 Qa6 24. Qe3 Bg8 25. Qe5 Qg6 26. Bh3 Be6 27. Rc1 Rf6 28. Rc7 Rd7 29. Rc8 Rdf7 30. Re8 Bd7 31. Rd8 Re6 32. Qb8 Qh5 33. Rh8+ Kg6 34. Bg2 Qxe2 35. Qg8 Qd1+ 36. Bg1 Re1 37. Qh7+ Kf6 0-1

[Event "Tunja Boyaca op-B"]
[Site "Tunja"]
[Date "2019.08.03"]
[Round "6"]
[White "Campos Perilla, Miguel Angel"]
[Black "Gomez Morales, Juan Sebastian"]
[Result "0-1"]
[WhiteElo "1374"]
[BlackElo "1704"]
[PlyCount "92"]
[EventDate "2019.07.31"]
[EventType "swiss"]
[EventRounds "9"]
[EventCountry "COL"]
[SourceTitle "EXT 2020"]
[Source "ChessBase"]
[SourceDate "2019.10.17"]
[SourceVersion "1"]
[SourceVersionDate "2019.10.17"]
[SourceQuality "1"]

1. e4 c5 2. Nf3 d6 3. d4 cxd4 4. Nxd4 Nf6 5. Nc3 g6 6. f3 Bg7 7. Be3 0-0 8. Qd2 Nc6 9. 0-0-0 Nxd4 10. Bxd4 Be6 11. g4 Rc8 12. h4 Qa5 13. a3 h5 14. gxh5 Nxh5 15. Bxg7 Kxg7 16. Rg1 Rc5 17. Bd3 Rfc8 18. Rg5 Rxg5 19. hxg5 Qe5 20. Ne2 Ng3 21. Nxg3 Qxg3 22. f4 Bc4 23. Qc3+ e5 24. f5 Qxg5+ 25. Kb1 Ba2+ 26. Kxa2 Rxc3 27. bxc3 gxf5 28. exf5 d5 29. Rf1 f6 30. Rb1 b6 31. Kb3 e4 32. Bb5 Qxf5 33. Rd1 d4 34. a4 dxc3 35. Rd7+ Kh6 36. Rxa7 Qc5 37. Rf7 Kg5 38. Rg7+ Kf4 39. Rf7 f5 40. Bc4 Kf3 41. Kxc3 e3 42. Kb3 e2 43. Bd3 Qd5+ 44. Bc4 Qxf7 45. Bxf7 e1Q 46. Bg6 Qe6+ 0-1

[Event "Tunja Boyaca op-B"]
[Site "Tunja"]
[Date "2019.08.01"]
[Round "2"]
[White "Villarraga Quiroga, Yedixon Omar"]
[Black "Campos Perilla, Miguel Angel"]
[Result "1-0"]
[WhiteElo "1810"]
[BlackElo "1374"]
[PlyCount "55"]
[EventDate "2019.07.31"]
[EventType "swiss"]
[EventRounds "9"]
[EventCountry "COL"]
[SourceTitle "EXT 2020"]
[Source "ChessBase"]
[SourceDate "2019.10.17"]
[SourceVersion "1"]
[SourceVersionDate "2019.10.17"]
[SourceQuality "1"]

1. c4 Nf6 2. Nc3 e6 3. e4 Nc6 4. Nf3 e5 5. d3 Bb4 6. a3 Bxc3+ 7. bxc3 d6 8. g3 h6 9. Bg2 Be6 10. Rb1 Rb8 11. Qa4 Qd7 12. Be3 a5 13. 0-0 Bh3 14. Bxh3 Qxh3 15. Rxb7 Kd7 16. Rfb1 Rxb7 17. Rxb7 h5 18. d4 exd4 19. cxd4 Kc8 20. Qxc6 Qd7 21. Qa6 Kd8 22. Rb8+ Ke7 23. Rxh8 Qg4 24. Qa8 Qxf3 25. Qd8+ Ke6 26. d5+ Nxd5 27. cxd5+ Ke5 28. Qe7# 1-0

[Event "COL-ch sf3 U18"]
[Site "Bogota"]
[Date "2019.06.08"]
[Round "5.13"]
[White "Carvajal Pena, Dilan Ricardo"]
[Black "Campos Perilla, Miguel Angel"]
[Result "1-0"]
[WhiteElo "1505"]
[BlackElo "1338"]
[PlyCount "51"]
[EventDate "2019.06.06"]
[EventType "swiss"]
[EventRounds "6"]
[EventCountry "COL"]
[SourceTitle "EXT 2024"]
[Source "ChessBase"]
[SourceDate "2023.10.10"]
[SourceVersion "1"]
[SourceVersionDate "2023.10.10"]
[SourceQuality "1"]

1. e4 e5 2. Nf3 Nc6 3. Bb5 a6 4. Ba4 Nf6 5. 0-0 b5 6. Bb3 Nxe4 7. d4 d5 8. dxe5 Be6 9. a4 Na5 10. axb5 Nxb3 11. cxb3 axb5 12. Rxa8 Qxa8 13. Nc3 b4 14. Nxe4 dxe4 15. Nd4 Bd7 16. Qc2 c5 17. Ne2 Bc6 18. Be3 Bb5 19. Rc1 Bxe2 20. Qxe2 Qd5 21. Qb5+ Kd8 22. Bxc5 Bxc5 23. Qxc5 Qxc5 24. Rxc5 Re8 25. Rb5 Kd7 26. Rxb4 1-0

[Event "COL-ch sf3 U16"]
[Site "Moniquira"]
[Date "2019.05.25"]
[Round "4.3"]
[White "Campos Perilla, Miguel Angel"]
[Black "Lopez Ramirez, David Santiago"]
[Result "0-1"]
[WhiteElo "1326"]
[BlackElo "1915"]
[PlyCount "40"]
[EventDate "2019.05.23"]
[EventType "swiss"]
[EventRounds "6"]
[EventCountry "COL"]
[SourceTitle "EXT 2024"]
[Source "ChessBase"]
[SourceDate "2023.10.10"]
[SourceVersion "1"]
[SourceVersionDate "2023.10.10"]
[SourceQuality "1"]

1. Nf3 Nf6 2. b3 g6 3. Bb2 Bg7 4. e3 0-0 5. d4 d6 6. Bd3 Nc6 7. 0-0 e5 8. Nbd2 Re8 9. Ne4 Nxe4 10. Bxe4 d5 11. Bxg6 hxg6 12. dxe5 Nxe5 13. Nd2 Qh4 14. f4 Ng4 15. Nf3 Qe7 16. Bxg7 Qxe3+ 17. Kh1 Kxg7 18. Qe1 Qxe1 19. Raxe1 Bd7 20. Rd1 Ne3 0-1

[Event "COL-ch U18 sf1"]
[Site "Ibague"]
[Date "2019.04.06"]
[Round "4.6"]
[White "Campos Perilla, Miguel Angel"]
[Black "Cayon, Laura Valentina"]
[Result "0-1"]
[WhiteElo "1344"]
[BlackElo "1727"]
[PlyCount "56"]
[EventDate "2019.04.04"]
[EventType "tourn"]
[EventRounds "6"]
[EventCountry "COL"]
[SourceTitle "EXT 2024"]
[Source "ChessBase"]
[SourceDate "2023.10.10"]
[SourceVersion "1"]
[SourceVersionDate "2023.10.10"]
[SourceQuality "1"]

1. e4 c5 2. Nf3 d6 3. d4 cxd4 4. Nxd4 Nf6 5. f3 g6 6. Nc3 a6 7. Be3 Nbd7 8. Qd2 h5 9. h4 Bg7 10. 0-0-0 b5 11. Nd5 Bb7 12. Nb4 Rc8 13. Kb1 Ne5 14. Nd3 Nc4 15. Qe1 Nxe3 16. Qxe3 0-0 17. Be2 Qb6 18. Nf5 Qc7 19. Nxg7 Qxc2+ 20. Ka1 Kxg7 21. Rc1 Qa4 22. Qb6 Ba8 23. Rc7 Bd5 24. a3 Bxe4 25. Rxc8 Rxc8 26. fxe4 Qxe4 27. Qf2 Rc2 28. Nc1 Qe5 0-1

[Event "COL-ch U18 sf1"]
[Site "Ibague"]
[Date "2019.04.04"]
[Round "1.4"]
[White "Campos Perilla, Miguel Angel"]
[Black "Lopez Ramirez, Daniel Giovanny"]
[Result "0-1"]
[WhiteElo "1344"]
[BlackElo "1688"]
[PlyCount "60"]
[EventDate "2019.04.04"]
[EventType "tourn"]
[EventRounds "6"]
[EventCountry "COL"]
[SourceTitle "EXT 2024"]
[Source "ChessBase"]
[SourceDate "2023.10.10"]
[SourceVersion "1"]
[SourceVersionDate "2023.10.10"]
[SourceQuality "1"]

1. e4 d5 2. exd5 Nf6 3. d4 c6 4. Nc3 cxd5 5. Nf3 Bg4 6. Bb5+ Nc6 7. 0-0 a6 8. Bxc6+ bxc6 9. h3 Bh5 10. Re1 e6 11. Bf4 Bb4 12. g4 Bg6 13. Ne5 Rc8 14. Bg5 c5 15. a3 Bxc3 16. bxc3 Qa5 17. Qf3 Ne4 18. Nxg6 Nxg5 19. Qe3 hxg6 20. Qxg5 Qxc3 21. Qxd5 Qxa1 22. Qxe6+ fxe6 23. Rxa1 cxd4 24. Rc1 Rxh3 25. Kg2 Rxa3 26. f3 Ra2 27. Re1 Rcxc2+ 28. Kg3 g5 29. f4 Ra3+ 30. Re3 Rxe3# 0-1

[Event "COL-ch"]
[Site "Bogota"]
[Date "2018.11.09"]
[Round "5"]
[White "Moncada, Duvan Andres"]
[Black "Campos Perilla, Miguel Angel"]
[Result "1-0"]
[WhiteElo "1542"]
[BlackElo "1334"]
[PlyCount "31"]
[EventDate "2018.11.06"]
[EventType "swiss"]
[EventRounds "9"]
[EventCountry "COL"]
[SourceTitle "CBM 187 Extra"]
[Source "ChessBase"]
[SourceDate "2018.11.04"]
[SourceVersion "1"]
[SourceVersionDate "2018.11.04"]
[SourceQuality "1"]

1. e4 e5 2. Nf3 Nc6 3. d4 exd4 4. Nxd4 Bc5 5. Be3 Qf6 6. c3 Nge7 7. Bc4 0-0 8. 0-0 d6 9. b4 Bb6 10. a4 a6 11. Na3 Bd7 12. Nac2 Ne5 13. Be2 h6 14. f4 N5g6 15. f5 Qh4 16. fxg6 1-0

[Event "COL-ch"]
[Site "Bogota"]
[Date "2018.11.07"]
[Round "3"]
[White "Garvin, Ricardo Luis"]
[Black "Campos Perilla, Miguel Angel"]
[Result "1-0"]
[WhiteElo "1702"]
[BlackElo "1334"]
[PlyCount "69"]
[EventDate "2018.11.06"]
[EventType "swiss"]
[EventRounds "9"]
[EventCountry "COL"]
[SourceTitle "CBM 187 Extra"]
[Source "ChessBase"]
[SourceDate "2018.11.04"]
[SourceVersion "1"]
[SourceVersionDate "2018.11.04"]
[SourceQuality "1"]

1. e4 e5 2. d4 exd4 3. Nf3 Nc6 4. c3 d3 5. Bxd3 Bc5 6. 0-0 d6 7. b4 Bb6 8. a4 a6 9. Nbd2 Nf6 10. Nc4 Ba7 11. Qc2 0-0 12. Be3 Re8 13. b5 Ne7 14. Rad1 Ng6 15. e5 Nh5 16. exd6 Bg4 17. dxc7 Qxc7 18. b6 Bxb6 19. Nxb6 Rad8 20. Be2 Rxe3 21. fxe3 Qxb6 22. Rd4 Nf6 23. Rb1 Qc7 24. Rxb7 Qxb7 25. Rxd8+ Nf8 26. Qd3 a5 27. h3 Bh5 28. Qb5 Qc7 29. Qb8 Qe7 30. Kh2 N6d7 31. Re8 Qc5 32. Qd8 Nf6 33. Qe7 N6d7 34. Rxf8+ Nxf8 35. Qxc5 1-0

[Event "Zipaquira U17 op"]
[Site "Zipaquira"]
[Date "2018.09.07"]
[Round "1"]
[White "Campos Perilla, Miguel Angel"]
[Black "Mesa Baez, Samuel"]
[Result "0-1"]
[WhiteElo "1344"]
[BlackElo "1642"]
[PlyCount "80"]
[EventDate "2018.09.07"]
[EventType "swiss"]
[EventRounds "5"]
[EventCountry "COL"]
[SourceTitle "CBM 186 Extra"]
[Source "ChessBase"]
[SourceDate "2018.08.24"]
[SourceVersion "1"]
[SourceVersionDate "2018.08.24"]
[SourceQuality "1"]

1. e4 c5 2. Nf3 d6 3. d4 cxd4 4. Nxd4 Nf6 5. Nc3 a6 6. f3 e6 7. Be3 Nbd7 8. Qd2 b5 9. h4 Bb7 10. 0-0-0 b4 11. Nce2 d5 12. exd5 Nxd5 13. Nb3 a5 14. Kb1 a4 15. Nbc1 Qa5 16. b3 axb3 17. cxb3 Bc5 18. Bd4 Bxd4 19. Qxd4 0-0 20. Rd2 Nc5 21. Rc2 Rfc8 22. Nd3 Ba6 23. Nxc5 Bxe2 24. Bxe2 Nc3+ 25. Kc1 Rxc5 26. Kd2 Rd5 27. Qxd5 Qxd5+ 28. Bd3 Rxa2 29. Rxa2 Nxa2 30. Kc2 Qc5+ 31. Bc4 Qf2+ 32. Kb1 Nc3+ 33. Kc1 Qxg2 34. Rf1 Kf8 35. f4 Ke7 36. h5 h6 37. f5 e5 38. Re1 e4 39. Rf1 e3 40. Re1 Qd2# 0-1

[Event "Bogota AlphaZero op"]
[Site "Bogota"]
[Date "2018.08.18"]
[Round "3"]
[White "Mora Suarez, Juan Felipe"]
[Black "Campos Perilla, Miguel Angel"]
[Result "1-0"]
[WhiteElo "1789"]
[BlackElo "1344"]
[PlyCount "71"]
[EventDate "2018.08.17"]
[EventType "swiss"]
[EventRounds "7"]
[EventCountry "COL"]
[SourceTitle "CBM 186 Extra"]
[Source "ChessBase"]
[SourceDate "2018.08.24"]
[SourceVersion "1"]
[SourceVersionDate "2018.08.24"]
[SourceQuality "1"]

1. d4 Nf6 2. Bg5 d6 3. e3 e6 4. Nd2 Be7 5. Bd3 Na6 6. c3 c5 7. Ngf3 0-0 8. Qc2 h6 9. Bh4 d5 10. 0-0 c4 11. Be2 Nc7 12. Ne5 b5 13. Nc6 Qd7 14. Nxe7+ Qxe7 15. e4 Re8 16. e5 g5 17. exf6 Qxf6 18. Bg3 Qe7 19. f4 f5 20. Nf3 g4 21. Ne5 Bb7 22. Rae1 h5 23. h3 h4 24. Bf2 gxh3 25. gxh3 Kh7 26. Kh2 Rg8 27. Rg1 Ne8 28. Rxg8 Kxg8 29. Rg1+ Kh7 30. Rg5 Nf6 31. Bxh4 Qf8 32. Bg4 Qh6 33. Bxf5+ exf5 34. Qxf5+ Qg6 35. Qxg6+ Kh8 36. Nf7# 1-0

[Event "COL-ch sf3 U16"]
[Site "Choconta"]
[Date "2018.04.06"]
[Round "3.10"]
[White "Arevalo Forero, Gina Vanessa"]
[Black "Campos Perilla, Miguel Angel"]
[Result "0-1"]
[WhiteElo "1346"]
[BlackElo "1476"]
[PlyCount "30"]
[EventDate "2018.04.05"]
[EventType "swiss"]
[EventRounds "6"]
[EventCountry "COL"]
[SourceTitle "EXT 2024"]
[Source "ChessBase"]
[SourceDate "2023.10.10"]
[SourceVersion "1"]
[SourceVersionDate "2023.10.10"]
[SourceQuality "1"]

1. e4 e5 2. Nc3 Nf6 3. d3 Nc6 4. Nf3 Be7 5. h3 0-0 6. Be3 d5 7. Be2 d4 8. Nb5 dxe3 9. fxe3 a6 10. Nc3 Bc5 11. Qd2 Qd6 12. 0-0-0 Be6 13. a3 Bxa3 14. Na4 b5 15. Nc3 Bb4 0-1

[Event "COL-ch U17"]
[Site "Pereira"]
[Date "2017.12.01"]
[Round "3.3"]
[White "Campos Perilla, Miguel Angel"]
[Black "Sabogal Varela, Jose Joaquin"]
[Result "0-1"]
[WhiteElo "1408"]
[BlackElo "1796"]
[PlyCount "40"]
[EventDate "2017.11.30"]
[EventType "swiss"]
[EventRounds "6"]
[EventCountry "COL"]
[SourceTitle "EXT 2024"]
[Source "ChessBase"]
[SourceDate "2023.10.10"]
[SourceVersion "1"]
[SourceVersionDate "2023.10.10"]
[SourceQuality "1"]

1. e4 c5 2. Nf3 d6 3. Bb5+ Bd7 4. Bxd7+ Nxd7 5. d4 cxd4 6. Nxd4 g6 7. Nc3 Bg7 8. 0-0 Ngf6 9. Re1 0-0 10. Bg5 Rc8 11. Qf3 Qa5 12. a3 Qxg5 13. Rac1 Ng4 14. Nde2 f5 15. Qg3 f4 16. Qf3 Nde5 17. Qh3 f3 18. Nd4 fxg2 19. Ne6 Qf6 20. Nxf8 Qxf2# 0-1